Znane duety z filmów i książek - Statystyki

Ogólne statystyki
  • Ten quiz został rozwiązany 49 razy
  • Średni wynik to 9 z 15
Statystyki odpowiedzi
Kategoria Odpowiedź % Poprawnych
Bajki Bolek i Lolek
100%
Bajki Tom i Jerry
96%
Filmy Shrek i Osioł
96%
Filmy Timon i Pumba
87%
Bajki Wilk i Zając
85%
Filmy Flip i Flap
80%
Filmy Jacek i Placek
78%
Filmy Mario i Luigi
72%
Filmy Batman i Robin
72%
Bajki Pat i Mat
67%
Filmy R2D2 i C3PO
41%
Aktorzy Paul Newman i Robert Redford
11%
Filmy Butch Cassidy i Sundance kid
11%
Literatura Lasse i Maja
9%
Literatura Prot i Filip
4%
Nie znaleziono quizów pasujących do podanych kryteriów
Rozkład punktacji
Procent ludzi z każdym wynikiem
Percentyl według liczby udzielonych odpowiedzi
Twoja historia wyników
Nie rozwiązałeś tego quizu